000 00503nam a22001817a 4500
005 20251108173724.0
008 250721s2004 xx 000 0 eng d
020 _a1841725986
082 1 4 _a648.5/HAR
100 1 _aHarris, Cindy
245 1 0 _aKEEPING HOUSE : hints and tips for a beautifully clean home /
264 1 _anew york :
_bRyland peters & amall,
_c2004.
300 _a159P.
500 _aINCLUDES REFRENCES AND INDEX
650 1 7 _aHOUSE CLEAING
942 _2ddc
_cBK
999 _c110824
_d110824